000 00880cam a2200253 4500
001 ABS61725
008 000000n1999 000 0 eng u
035 _a(Sirsi) u103141
100 _aBrewer, G.
245 _aFinding of negligence
260 _c1999
490 _aContract Journal
_v 401(6253) 24 November 1999, 25(1)
520 _aConsiders the implications of "Merivale Moore v Strutt & Parker", which concerns the valuation of a commercial property and whether the valuer can be found negligent if the property does not realise its value.
590 _aABS
650 _aNEGLIGENCE
650 _aMERIVALE MOORE PLC AND ANOTHER V STRUTT AND PARKER
650 _aValuation
_96273
650 _aPROPERTY DEVELOPMENT
650 _aOVERVALUATION
650 _aVALUERS
650 _aMARKET CONDITIONS
690 _aPROFESSIONAL PRACTICE-NEGLIGENCE
942 _n0
999 _c61991
_d61991